|
|
|
|
| LEADER |
00000nam1a2200000 4500 |
| 001 |
47868 |
| 005 |
20231031030656.0 |
| 010 |
|
|
|a 5724504081
|
| 035 |
|
|
|a (RuTPU)RU\TPU\book\50054
|
| 090 |
|
|
|a 47868
|
| 100 |
|
|
|a 20030226d1990 m y0rusy50 ca
|
| 101 |
0 |
|
|a rus
|
| 102 |
|
|
|a RU
|
| 200 |
1 |
|
|a Пожаровзрывоопасность веществ и материалов и средства их тушения
|e справочник
|f под ред. А. Н. Баратова и А. Я. Корольченко
|
| 210 |
|
|
|a Москва
|c Химия
|d 1990
|
| 300 |
|
|
|a Согласовано с Государственной службой стандартных справочных данных
|
| 702 |
|
1 |
|a Баратов
|b А. Н.
|4 340
|
| 702 |
|
1 |
|a Корольченко
|b А. Я.
|4 340
|
| 801 |
|
1 |
|a RU
|b 63413507
|c 20030226
|g PSBO
|
| 801 |
|
2 |
|a RU
|b 63413507
|c 20070226
|g PSBO
|
| 942 |
|
|
|c BK
|